Statistics for All Capitals of the World by Picture

Click here to take the quiz!

General Stats

  • This quiz has been taken 9 times
  • The average score is 23 of 196

Answer Stats

Answer% Correct
Washington D.C.
75%
Ankara
50%
Buenos Aires
50%
Jerusalem
50%
Lisbon
50%
London
50%
Mexico City
50%
Montevideo
50%
Moscow
50%
Panama City
50%
Quito
50%
Santiago
50%
Stockholm
50%
Algiers
25%
Amsterdam
25%
Andorra la Vella
25%
Asunción
25%
Athens
25%
Berlin
25%
Bern
25%
Brasília
25%
Bratislava
25%
Brussels
25%
Bucharest
25%
Budapest
25%
Canberra
25%
Cape Town
25%
Caracas
25%
Chisinau
25%
Copenhagen
25%
Dhaka
25%
Doha
25%
Georgetown
25%
Guatemala City
25%
Hanoi
25%
Havana
25%
Helsinki
25%
Kiev
25%
Kuala Lumpur
25%
La Paz
25%
Lima
25%
Ljubljana
25%
Luxembourg
25%
Madrid
25%
Manila
25%
Minsk
25%
Monaco
25%
Naypyidaw
25%
N'Djamena
25%
New Delhi
25%
Oslo
25%
Paramaribo
25%
Paris
25%
Podgorica
25%
Prague
25%
Pristina
25%
Reykjavik
25%
Riga
25%
Rome
25%
San Marino
25%
San Salvador
25%
Santo Domingo
25%
Sarajevo
25%
Seoul
25%
Singapore
25%
Skopje
25%
Sofia
25%
Taipei
25%
Tallinn
25%
Thimphu
25%
Tirana
25%
Tokyo
25%
Vaduz
25%
Vienna
25%
Vientiane
25%
Vilnius
25%
Warsaw
25%
Wellington
25%
Zagreb
25%
Abu Dhabi
0%
Abuja
0%
Accra
0%
Addis Ababa
0%
Amman
0%
Antananarivo
0%
Apia
0%
Ashgabat
0%
Asmara
0%
Astana
0%
Baghdad
0%
Baku
0%
Bamako
0%
Bandar Seri Begawan
0%
Bangkok
0%
Bangui
0%
Banjul
0%
Basseterre
0%
Beijing
0%
Beirut
0%
Belgrade
0%
Belmopan
0%
Bishkek
0%
Bissau
0%
Bogotá
0%
Brazzaville
0%
Bridgetown
0%
Cairo
0%
Castries
0%
Conakry
0%
Dakar
0%
Damascus
0%
Dili
0%
Djibouti City
0%
Dodoma
0%
Dublin
0%
Dushanbe
0%
Freetown
0%
Funafuti
0%
Gaborone
0%
Gitega
0%
Harare
0%
Honiara
0%
Islamabad
0%
Jakarta
0%
Juba
0%
Kabul
0%
Kampala
0%
Kathmandu
0%
Khartoum
0%
Kigali
0%
Kingston
0%
Kingstown
0%
Kinshasa
0%
Kuwait City
0%
Libreville
0%
Lilongwe
0%
Lomé
0%
Luanda
0%
Lusaka
0%
Majuro
0%
Malabo
0%
Malé
0%
Managua
0%
Manama
0%
Maputo
0%
Maseru
0%
Mbabane
0%
Mogadishu
0%
Monrovia
0%
Moroni
0%
Muscat
0%
Nairobi
0%
Nassau
0%
Ngerulmud
0%
Niamey
0%
Nicosia
0%
Nouakchott
0%
Nukuʿalofa
0%
Ottawa
0%
Ouagadougou
0%
Palikir
0%
Phnom Penh
0%
Port-au-Prince
0%
Port Louis
0%
Port Moresby
0%
Port of Spain
0%
Porto Novo
0%
Port Vila
0%
Praia
0%
Pyongyang
0%
Rabat
0%
Riyadh
0%
Roseau
0%
Saint George's
0%
Saint John's
0%
Sana'a
0%
San José
0%
São Tomé
0%
South Tarawa
0%
Sri Jayawardenepura Kotte
0%
Suva
0%
Tashkent
0%
Tbilisi
0%
Tegucigalpa
0%
Tehran
0%
Tripoli
0%
Tunis
0%
Ulaanbaatar
0%
Valletta
0%
Vatican City
0%
Victoria
0%
Windhoek
0%
Yamoussoukro
0%
Yaounde
0%
Yaren
0%
Yerevan
0%

Score Distribution

Percentile by Number Answered

Percent of People with Each Score

Your Score History

You have not taken this quiz